Central Library OPAC University of Rajshahi

The moral basis of Burke's political thought : (Record no. 35826)

MARC details
000 -LEADER
fixed length control field 00766nam a2200253 4500
001 - CONTROL NUMBER
control field 35826
003 - CONTROL NUMBER IDENTIFIER
rucl marc code BD-RjUL
005 - DATE AND TIME OF LATEST TRANSACTION
control field 20211209052403.0
008 - FIXED-LENGTH DATA ELEMENTS--GENERAL INFORMATION
fixed length control field 140610r19681956nyu b 000 0 eng d
035 ## - SYSTEM CONTROL NUMBER
System control number (BD-RjUL)35921
040 ## - CATALOGING SOURCE
Original cataloging agency DLC
Transcribing agency DLC
Modifying agency DLC
-- BD-RjUL
Language of cataloging eng
041 ## - LANGUAGE CODE
Language code of text/sound track or separate title eng
082 00 - DEWEY DECIMAL CLASSIFICATION NUMBER
Classification number 320.0924
Author mark and year PAM 1968
100 1# - MAIN ENTRY--PERSONAL NAME
Personal name Parkin, Charles W.
9 (RLIN) 109117
245 14 - TITLE STATEMENT
Title The moral basis of Burke's political thought :
Remainder of title an essay /
Statement of responsibility, etc. by Charles Parkin.
260 ## - PUBLICATION, DISTRIBUTION, ETC. (IMPRINT)
Place of publication, distribution, etc. New York :
Name of publisher, distributor, etc. Russell & Russell ,
Date of publication, distribution, etc. 1956 [1968].
300 ## - PHYSICAL DESCRIPTION
Pagination viii, 145 p. ;
Size 21 cm.
500 ## - GENERAL NOTE
General note Reprint of the 1956 ed.
504 ## - BIBLIOGRAPHY, ETC. NOTE
Bibliography, etc Bibliography: p. vii-viii.
600 10 - SUBJECT ADDED ENTRY--PERSONAL NAME
Personal name Burke, Edmund,
Dates associated with a name 1729-1797.
942 ## - ADDED ENTRY ELEMENTS (KOHA)
Source of classification or shelving scheme Dewey Decimal Classification
Koha item type Books
Holdings
Lost status Source of classification or shelving scheme Damaged status Not for loan Collection code Permanent Location Current Location Shelving location Date acquired Source of acquisition Cost, normal purchase price Total Checkouts Full call number Date last seen Copy number Koha item type
  Dewey Decimal Classification   Not For Loan Non-fiction Central Library, University of Rajshahi Central Library, University of Rajshahi Reading Room 31/10/1992 Asia foundation 0.00   320.0924 PAM 1968 10/06/2014 C-1 Books
  Dewey Decimal Classification     Non-fiction Central Library, University of Rajshahi Central Library, University of Rajshahi   31/10/1992 Asia Fundation Gift     320.0924 PAM 1968 10/06/2014 C-2 Books
  Dewey Decimal Classification     Non-fiction Central Library, University of Rajshahi Central Library, University of Rajshahi   09/06/1985 Asia foundation 0.00   320.0924 PAM 1968 12/06/2014 C-3 Books